Newsgathering in Washington ; a study in political communication.

Bibliographic Details
Main Author: Nimmo, Dan D.
Format: Book
Language:English
Published: New York : Atherton Press, [1964]
Series:American Political Science Association series.
Subjects:

MARC

Tag First Indicator Second Indicator Subfields
LEADER 00000cam a2200000 4500
001 in00000059389
005 20151007082416.0
008 720623s1964 nyu b 00000 eng
010 |a  64010459  
035 |a (OCoLC)00340001 
035 |9 AAF7825AM 
040 |a DLC  |c WSU  |d OCL  |d TXA  |d UtOrBLW 
049 |a TXAM  |c [403384] 
050 0 |a PN4738  |b .N5 
082 0 |a 070.1 
092 |a 070.1  |b N713n 
100 1 |a Nimmo, Dan D. 
245 1 0 |a Newsgathering in Washington ;  |b a study in political communication. 
264 1 |a New York :  |b Atherton Press,  |c [1964] 
300 |a xiii, 282 pages ;  |c 22 cm. 
336 |a text  |b txt  |2 rdacontent 
337 |a unmediated  |b n  |2 rdamedia 
338 |a volume  |b nc  |2 rdacarrier 
490 1 |a The American Political Science Association series 
504 |a Bibliography: pages [261]-270. 
650 0 |a Government and the press  |z United States. 
650 0 |a Government publicity  |z United States. 
650 0 |a Public relations and politics. 
830 0 |a American Political Science Association series. 
999 |a MARS 
999 f f |s fbfa5310-a163-30e8-98e9-3c0f59f25973  |i f088e751-9c15-39a2-815a-637635929385  |t 0 
952 f f |p ric  |a Texas A&M University  |b Rellis Campus  |c Joint Library Facility  |d Remote Storage  |t 0  |e PN4738 .N5  |h Library of Congress classification  |i unmediated -- volume  |m A14800500340 
998 f f |a PN4738 .N5  |t 0  |l Remote Storage